Hodnotenie kvality procesu kontroly dielca osobného automobilu Peugeot 208

Gespeichert in:
Bibliographische Detailangaben
1. Verfasser: Gajdošík, Ján (Verfasst von)
Weitere Verfasser: Pauliková, Alena (Betreuung Doktorarbeit)
Format: Manuskript Buch
Sprache:Slowakisch
Veröffentlicht: 2016
Schlagworte:
Online-Zugang:http://is.stuba.sk/zp/portal_zp.pl?podrobnosti=115379
Tags: Tag hinzufügen
Keine Tags, Fügen Sie das erste Tag hinzu!

MARC

LEADER 00000ntm a22000003a 4500
001 stuzp49683
003 SK-STU
005 20160719153342.6
007 ta
008 150427s2015----xo-----f-mn---000-0-slo-d
040 |a STU  |b slo 
041 0 |a slo 
100 1 |a Gajdošík, Ján  |u 065000  |4 aut  |U MTF Materiálovotechnologická fakulta  |T MTF Ústav integrovanej bezpečnosti  |X 47197  |U M5000  |Y 85  |7 47197 
242 0 1 |a Valuation of control process of passenger car panel Peugeot 208  |y eng 
245 1 0 |a Hodnotenie kvality procesu kontroly dielca osobného automobilu Peugeot 208 
260 |c 2016 
650 4 |a kvalita  |2 slo 
650 4 |a automobilový priemysel  |2 slo 
650 4 |a Peugeot  |2 slo 
650 4 |a automotive  |2 eng 
650 4 |a Peugeot  |2 eng 
650 4 |a quality  |2 eng 
700 1 |a Pauliková, Alena  |u 064000  |k Z1  |4 ths  |U MTF Materiálovotechnologická fakulta  |T MTF Ústav priemyselného inžinierstva a manažmentu  |X 77968  |U M4000  |Y 84  |7 77968 
856 4 |u http://is.stuba.sk/zp/portal_zp.pl?podrobnosti=115379 
SQL |a stuzp49683  |b DBP  |c SLO  |d Hodnotenie kvality procesu kontroly dielca osobného automobilu Peugeot 208  |e 47197  |f Gajdošík, Ján  |g 065000  |h 77968  |i Pauliková, Alena  |j 20160628  |k 171  |l 06  |m http://is.stuba.sk/zp/portal_zp.pl?podrobnosti=115379  |n B-KPR  |o 5.2.57. kvalita produkcie